Top 15 Countries With The Tallest People - Statistics

General Stats
  • This quiz has been taken 35 times
  • The average score is 9 of 15
Answer Stats
Average Male Height Country % Correct
183.8cm (6'0.5") Netherlands
90%
182.4cm (6'0") Sweden
83%
181.9cm (5'11.5") Denmark
72%
182.2cm (5'11.5") Estonia
72%
181.2cm (5'11.5") Latvia
69%
180.7cm (5'11") Poland
69%
182.1cm (5'11.5") Iceland
66%
181cm (5'11.5") Slovakia
59%
181.2cm (5'11.5") Czech Republic
55%
181cm (5'11.5") Slovenia
55%
180.8cm (5'11") Croatia
52%
183.1cm (6'0") Montenegro
52%
180.7cm (5'11") Serbia
52%
183.4cm (6'0") Bosnia & Herzegovina
48%
181cm (5'11.5") Ukraine
48%
No matching quizzes found
Score Distribution
Percent of People with Each Score
Percentile by Number Answered
Your Score History
You have not taken this quiz